[Event "SVK-ch U12"]
[Site "Stara Lubovna"]
[Date "2014.04.06"]
[Round "2"]
[White "Holly, Andrej"]
[Black "Marinica, Karol"]
[Result "1-0"]
[WhiteElo "1112"]
[BlackElo "1000"]
[PlyCount "45"]
[EventDate "2014.04.05"]
[EventType "swiss"]
[EventRounds "9"]
[EventCountry "SVK"]
[SourceTitle "EXT 2016"]
[Source "ChessBase"]
[SourceDate "2015.10.08"]
[SourceVersion "1"]
[SourceVersionDate "2015.10.08"]
[SourceQuality "1"]

1. e4 e5 2. Nf3 Nc6 3. Bc4 Nf6 4. d3 Bc5 5. Bg5 0-0 6. 0-0 d5 7. exd5 Nd4 8. c3 Nf5 9. Nxe5 Qe8 10. Re1 Bd6 11. Ng6 Ne7 12. Nxf8 Qxf8 13. Bxf6 gxf6 14. Nd2 Bc5 15. d4 Bd6 16. Ne4 Qg7 17. Nxd6 Qf8 18. Nxc8 Nxc8 19. Qg4+ Kh8 20. Bb5 a6 21. Re8 Nb6 22. Rxf8+ Rxf8 23. Bd3 1-0